000 00603nam a2200193Ia 4500
003 GCL
008 140319s9999 xx 000 0 ara d
040 _aGCL /
_cGCL
082 0 4 _a939.7
_bر د
100 1 _aرجب محمد عبد الحليم
245 1 0 _aدولة بنى صالح فى تامستا بالمغرب الاقصى (125 - 455 هـ\ 743 - 1063 م) /
_cرجب محمد عبد الحليم
300 _a144 ص
490 _a
650 0 4 _aتاريخ
650 0 4 _aافريقيا الشمالية
650 0 4 _aالمغرب
650 0 4 _aالمغرب العربى
942 _2ddc
_cBK
999 _c39772
_d39772